[Event "Regionalliga SW 0708"]
[Site "Bayern"]
[Date "2008.04.20"]
[Round "9.8"]
[White "Buchert, Wolfgang"]
[Black "Zivkovic, Djordje"]
[Result "1-0"]
[WhiteElo "2043"]
[BlackElo "1859"]
[PlyCount "173"]
[EventDate "2007.10.21"]
[EventType "team-tourn"]
[EventRounds "9"]
[EventCountry "GER"]
[SourceTitle "EXT 2009"]
[Source "ChessBase"]
[SourceDate "2008.11.26"]
[SourceVersion "1"]
[SourceVersionDate "2008.11.26"]
[SourceQuality "1"]
[WhiteTeam "Kriegshaber"]
[BlackTeam "Muenchen Schwabing"]
[WhiteTeamCountry "GER"]
[BlackTeamCountry "GER"]

1. e4 c5 2. c3 d5 3. exd5 Qxd5 4. Nf3 Bg4 5. Qa4+ Bd7 6. Qc2 Nc6 7. Be2 e5 8. 0-0 Nf6 9. Re1 Be7 10. c4 Qd6 11. Nc3 a6 12. d3 0-0 13. Bg5 Be6 14. Rad1 Rad8 15. Bf1 Qc7 16. Bh4 h6 17. Bg3 Bg4 18. Be2 Bxf3 19. Bxf3 Nd4 20. Qd2 Nxf3+ 21. gxf3 Bd6 22. Re3 Rfe8 23. Rde1 Qb8 24. Qe2 Nd7 25. f4 f6 26. fxe5 Bxe5 27. Bxe5 Rxe5 28. Nd5 Rde8 29. Qd2 Rg5+ 30. Rg3 Rxe1+ 31. Qxe1 Ne5 32. Qe3 Rxg3+ 33. hxg3 Qd6 34. f4 Nc6 35. Qe8+ Kh7 36. Qe4+ Kg8 37. Kg2 Kf7 38. Qf3 g6 39. f5 Ne5 40. fxg6+ Nxg6 41. Qh5 Kg7 42. Ne3 Ne7 43. Ng4 f5 44. Nf2 b5 45. Qe8 Qc6+ 46. Qxc6 Nxc6 47. Kf3 Kf6 48. cxb5 axb5 49. a3 Ke5 50. Ke3 Nd4 51. Nh3 Ne6 52. Nf2 Kd5 53. Nd1 c4 54. a4 cxd3 55. axb5 Kc4 56. b6 Nc5 57. Nf2 d2 58. Kxd2 Kb5 59. Ke3 Kxb6 60. Kf4 Na4 61. Nd1 Kc5 62. Kxf5 Kc4 63. Kg6 Kb3 64. Kxh6 Kc2 65. g4 Kxd1 66. g5 Kc2 67. g6 Kxb2 68. g7 Nc5 69. g8Q Kc3 70. Qd8 Kc4 71. Kg6 Ne4 72. Kf5 Nc5 73. Ke5 Nd3+ 74. Ke4 Nc5+ 75. Ke3 Kb4 76. Qb6+ Kc4 77. Qd6 Nb3 78. Qd3+ Kb4 79. Qc2 Nc5 80. Kd4 Nb3+ 81. Kd5 Na5 82. Qc5+ Ka4 83. Qb6 Nb3 84. Kc4 Nd2+ 85. Kd3 Nb3 86. Kc3 Nc5 87. Qb4# 1-0

[Event "Regionalliga SW 0708"]
[Site "Bayern"]
[Date "2007.11.25"]
[Round "3.7"]
[White "Buchert, Wolfgang"]
[Black "Kowarsch, Heinrich"]
[Result "1-0"]
[WhiteElo "2008"]
[BlackElo "1973"]
[PlyCount "77"]
[EventDate "2007.10.21"]
[EventType "team-tourn"]
[EventRounds "9"]
[EventCountry "GER"]
[SourceTitle "EXT 2009"]
[Source "ChessBase"]
[SourceDate "2008.11.26"]
[SourceVersion "1"]
[SourceVersionDate "2008.11.26"]
[SourceQuality "1"]
[WhiteTeam "Kriegshaber"]
[BlackTeam "Tuerkheim"]
[WhiteTeamCountry "GER"]
[BlackTeamCountry "GER"]

1. e4 c5 2. c3 d6 3. d4 cxd4 4. cxd4 Nf6 5. Nc3 a6 6. Nf3 e6 7. Bg5 Be7 8. Bd3 0-0 9. 0-0 h6 10. Be3 Nc6 11. h3 e5 12. d5 Nb8 13. a4 b6 14. Nd2 Nbd7 15. b4 Nh7 16. Rc1 Bb7 17. Nc4 Nhf6 18. Qd2 Ne8 19. f4 exf4 20. Bxf4 Bg5 21. Ne2 Ne5 22. Nxe5 dxe5 23. Bxg5 hxg5 24. Rf5 f6 25. Ng3 Nd6 26. Rf2 Qd7 27. Nf5 Nxf5 28. Rxf5 Rac8 29. Rff1 Rxc1 30. Rxc1 Rc8 31. Rxc8+ Bxc8 32. d6 b5 33. axb5 axb5 34. Be2 Bb7 35. Bg4 Qd8 36. Be6+ Kf8 37. Bf5 Qb6+ 38. Kf1 Qc6 39. d7 1-0

[Event "Landesliga Sued 0506"]
[Site "Bayern"]
[Date "2006.01.15"]
[Round "5.8"]
[White "Wittmann, Matthias"]
[Black "Buchert, Wolfgang"]
[Result "1-0"]
[WhiteElo "2156"]
[BlackElo "2076"]
[PlyCount "75"]
[EventDate "2005.10.23"]
[EventType "team-tourn"]
[EventRounds "9"]
[EventCountry "GER"]
[SourceTitle "EXT 2007"]
[Source "ChessBase"]
[SourceDate "2006.11.23"]
[SourceVersion "1"]
[SourceVersionDate "2006.11.23"]
[SourceQuality "1"]
[WhiteTeam "Pang/Rosenheim"]
[BlackTeam "Kriegshaber SK"]
[WhiteTeamCountry "GER"]
[BlackTeamCountry "GER"]

1. Nc3 e5 2. Nf3 Nc6 3. d4 exd4 4. Nxd4 d5 5. Bf4 a6 6. Nxc6 bxc6 7. Qd4 Nf6 8. Qe5+ Be6 9. Qxc7 Qxc7 10. Bxc7 Bb4 11. Be5 Ne4 12. Bxg7 Rg8 13. a3 Ba5 14. b4 Nxf2 15. bxa5 Nxh1 16. Be5 Rg5 17. Bf4 Rf5 18. g3 Rh5 19. h4 Rf5 20. Bg2 Rxf4 21. gxf4 Ng3 22. Rb1 Nf5 23. Bh3 Nxh4 24. Bxe6 fxe6 25. Rb7 h5 26. Rh7 0-0-0 27. Na4 Ng2+ 28. Kd2 Nxf4 29. Nc5 Rg8 30. Nxa6 Rg2 31. Rh8+ Kb7 32. Nc5+ Ka7 33. Rh7+ Ka8 34. Na4 Nxe2 35. Nb6+ Kb8 36. a6 Nd4+ 37. Kd3 Nb5 38. Rb7# 1-0

[Event "Landesliga Sued 0001"]
[Site "Bayern"]
[Date "2001.04.29"]
[Round "9"]
[White "Buchert, Wolfgang"]
[Black "Scharl, Walter"]
[Result "1/2-1/2"]
[WhiteElo "2130"]
[BlackElo "1995"]
[PlyCount "103"]
[EventDate "2000.10.15"]
[EventType "team-tourn"]
[EventRounds "9"]
[EventCountry "GER"]
[SourceTitle "EXT 2020"]
[Source "ChessBase"]
[SourceDate "2019.10.17"]
[SourceVersion "1"]
[SourceVersionDate "2019.10.17"]
[SourceQuality "1"]
[WhiteTeam "Kriegshaber SK"]
[BlackTeam "Muenchen Suedost"]
[WhiteTeamCountry "GER"]
[BlackTeamCountry "GER"]

1. e4 e5 2. Nf3 Nc6 3. Bc4 Bc5 4. c3 Nf6 5. d4 exd4 6. cxd4 Bb4+ 7. Bd2 Bxd2+ 8. Nbxd2 d5 9. exd5 Nxd5 10. 0-0 0-0 11. Re1 Bg4 12. h3 Bh5 13. Qb3 Na5 14. Qa4 Nxc4 15. Qxc4 Bxf3 16. Nxf3 c6 17. Re2 Re8 18. Rxe8+ Qxe8 19. Re1 Qd7 20. b4 a6 21. a4 Re8 22. Ne5 Qf5 23. b5 axb5 24. axb5 Re6 25. bxc6 bxc6 26. Ra1 h5 27. Nd7 g5 28. Ne5 Nf4 29. Qc5 Ne2+ 30. Kf1 Ng3+ 31. Kg1 Qxf2+ 32. Kxf2 Ne4+ 33. Kf1 Nxc5 34. Rc1 Nb3 35. Rxc6 Nxd4 36. Rc5 f6 37. Nd7 Kf7 38. Nb8 Kg6 39. Nd7 Rc6 40. Rd5 Ne6 41. Rd2 Nf4 42. Kf2 g4 43. hxg4 hxg4 44. Nf8+ Kf7 45. Kg3 Rc4 46. Nd7 Nh5+ 47. Kh4 Kg6 48. Nf8+ Kh6 49. Rd6 g3+ 50. Kh3 Kg5 51. Nh7+ Kg6 52. Nxf6 1/2-1/2

[Event "Landesliga Sued 0001"]
[Site "Bayern"]
[Date "2001.04.01"]
[Round "8"]
[White "Buchert, Wolfgang"]
[Black "Mooser, Stefan"]
[Result "1-0"]
[WhiteElo "2130"]
[BlackElo "2230"]
[PlyCount "99"]
[EventDate "2000.10.15"]
[EventType "team-tourn"]
[EventRounds "9"]
[EventCountry "GER"]
[SourceTitle "EXT 2020"]
[Source "ChessBase"]
[SourceDate "2019.10.17"]
[SourceVersion "1"]
[SourceVersionDate "2019.10.17"]
[SourceQuality "1"]
[WhiteTeam "Kriegshaber SK"]
[BlackTeam "Dorfen PSV"]
[WhiteTeamCountry "GER"]
[BlackTeamCountry "GER"]

1. e4 c5 2. c3 d5 3. exd5 Qxd5 4. d4 Nf6 5. Nf3 Bg4 6. Be2 e6 7. 0-0 Be7 8. h3 Bh5 9. c4 Qd6 10. Nc3 cxd4 11. Nxd4 Bxe2 12. Ndxe2 Qxd1 13. Rxd1 Nc6 14. Be3 0-0 15. Rac1 Rfd8 16. Nd4 Nxd4 17. Rxd4 Rxd4 18. Bxd4 a6 19. a3 Rc8 20. Na4 Kf8 21. b4 Ne4 22. c5 Bf6 23. Rd1 Ke7 24. Kf1 Rd8 25. Ke2 Bxd4 26. Rxd4 Nf6 27. Rxd8 Kxd8 28. c6 b5 29. Nc5 Kc7 30. Nxa6+ Kxc6 31. Nc5 Nd5 32. Ne4 h6 33. g3 Nb6 34. Nd2 Kd5 35. Kd3 f5 36. f4 Nd7 37. Nf3 e5 38. Nh4 e4+ 39. Ke3 Ke6 40. Kd4 g5 41. Ng2 Nb6 42. Kc5 Nd5 43. Kxb5 gxf4 44. gxf4 Nxf4 45. Nxf4+ Ke5 46. Ne2 f4 47. Kc4 f3 48. Kc3 f2 49. Ng3 Kf4 50. Nf1 1-0

[Event "Landesliga Sued 0001"]
[Site "Bayern"]
[Date "2001.03.11"]
[Round "7"]
[White "Juettner, Andreas"]
[Black "Buchert, Wolfgang"]
[Result "1-0"]
[WhiteElo "2110"]
[BlackElo "2130"]
[PlyCount "59"]
[EventDate "2000.10.15"]
[EventType "team-tourn"]
[EventRounds "9"]
[EventCountry "GER"]
[SourceTitle "EXT 2020"]
[Source "ChessBase"]
[SourceDate "2019.10.17"]
[SourceVersion "1"]
[SourceVersionDate "2019.10.17"]
[SourceQuality "1"]
[WhiteTeam "Fuerstenfeldbruck TuS"]
[BlackTeam "Kriegshaber SK"]
[WhiteTeamCountry "GER"]
[BlackTeamCountry "GER"]

1. c4 e6 2. g3 d5 3. Bg2 Nf6 4. Nf3 c5 5. cxd5 exd5 6. d4 Nc6 7. 0-0 Bg4 8. Ne5 cxd4 9. Nxg4 Nxg4 10. e4 Nf6 11. exd5 Nxd5 12. Qb3 Nb6 13. Re1+ Be7 14. a4 0-0 15. a5 Nd7 16. Qxb7 Rc8 17. Bxc6 Rc7 18. Qb5 a6 19. Qd5 Bb4 20. Bd2 Bxd2 21. Nxd2 Qc8 22. Bxd7 Rxd7 23. Qf5 g6 24. Qe5 f6 25. Qe6+ Rff7 26. Rac1 Qb7 27. Ne4 d3 28. Nxf6+ Kg7 29. Nxd7 d2 30. Qe5+ 1-0

[Event "Landesliga Sued 0001"]
[Site "Bayern"]
[Date "2001.02.18"]
[Round "6"]
[White "Buchert, Wolfgang"]
[Black "Wunderlich, Hans Dieter"]
[Result "1-0"]
[WhiteElo "2130"]
[BlackElo "2085"]
[PlyCount "75"]
[EventDate "2000.10.15"]
[EventType "team-tourn"]
[EventRounds "9"]
[EventCountry "GER"]
[SourceTitle "EXT 2020"]
[Source "ChessBase"]
[SourceDate "2019.10.17"]
[SourceVersion "1"]
[SourceVersionDate "2019.10.17"]
[SourceQuality "1"]
[WhiteTeam "Kriegshaber SK"]
[BlackTeam "Sendling SC"]
[WhiteTeamCountry "GER"]
[BlackTeamCountry "GER"]

1. e4 c6 2. d4 d5 3. exd5 cxd5 4. Nf3 Bg4 5. c4 Bxf3 6. Qxf3 Nf6 7. Nc3 e6 8. Bg5 Be7 9. Bxf6 Bxf6 10. cxd5 0-0 11. dxe6 fxe6 12. Qxb7 Qxd4 13. Be2 Bh4 14. 0-0 Nd7 15. Rad1 Bxf2+ 16. Kh1 Nc5 17. Qe7 Qe5 18. Bf3 Rae8 19. Qxa7 Qe3 20. Ne4 Nxe4 21. Qxe3 Ng3+ 22. hxg3 Bxe3 23. Rfe1 Bf2 24. Re2 Bxg3 25. b4 Rf6 26. b5 Bc7 27. Kg1 Bb6+ 28. Kf1 g5 29. Re4 h5 30. Rd6 Bc7 31. Rc6 Bh2 32. b6 g4 33. b7 gxf3 34. Rc8 Kf7 35. gxf3 Rf5 36. a4 Rd5 37. Rxe8 Kxe8 38. f4 1-0

[Event "Landesliga Sued 0001"]
[Site "Bayern"]
[Date "2000.11.12"]
[Round "2"]
[White "Buchert, Wolfgang"]
[Black "Wengler, Joerg"]
[Result "1/2-1/2"]
[WhiteElo "2130"]
[BlackElo "2010"]
[PlyCount "111"]
[EventDate "2000.10.15"]
[EventType "team-tourn"]
[EventRounds "9"]
[EventCountry "GER"]
[SourceTitle "EXT 2020"]
[Source "ChessBase"]
[SourceDate "2019.10.17"]
[SourceVersion "1"]
[SourceVersionDate "2019.10.17"]
[SourceQuality "1"]
[WhiteTeam "Kriegshaber SK"]
[BlackTeam "Muenchen FC Bayern II"]
[WhiteTeamCountry "GER"]
[BlackTeamCountry "GER"]

1. e4 c6 2. d4 d5 3. exd5 cxd5 4. Nf3 Nf6 5. c4 Nc6 6. Nc3 Bg4 7. Be2 e6 8. Bg5 Be7 9. h3 Bxf3 10. Bxf3 0-0 11. cxd5 Nxd5 12. Bxe7 Ndxe7 13. d5 Nxd5 14. Nxd5 exd5 15. Qxd5 Re8+ 16. Kf1 Qf6 17. Rb1 Rad8 18. Qb3 Nd4 19. Qxb7 Nxf3 20. Qxf3 Rd2 21. Qxf6 gxf6 22. g3 Ree2 23. Rh2 Rxb2 24. Rxb2 Rxb2 25. Kg2 Rxa2 26. Rh1 Kg7 27. Rc1 a6 28. Rc6 h6 29. Kf3 Ra4 30. Rb6 Ra3+ 31. Kf4 Ra2 32. Kf3 Kg6 33. Rc6 Ra4 34. Rb6 Kf5 35. Rb7 Ra3+ 36. Kg2 Kg6 37. Rb6 Kg7 38. Rc6 Ra5 39. Rb6 Ra1 40. Rc6 Ra5 41. Rb6 Ra1 42. Rc6 a5 43. Ra6 a4 44. Kf3 a3 45. Kg2 Kg6 46. h4 Kf5 47. Kf3 Ke5 48. Ra7 Kd4 49. Rxf7 Rb1 50. Ra7 Rb3+ 51. Kg4 Kc4 52. Kh5 Kb4 53. Kxh6 Rf3 54. h5 Rxf2 55. Kg6 Rg2 56. Kxf6 1/2-1/2

[Event "Landesliga Sued 9900"]
[Site "Bayern"]
[Date "1999.11.07"]
[Round "2.7"]
[White "Katzer, Joachim"]
[Black "Buchert, Wolfgang"]
[Result "0-1"]
[WhiteElo "1940"]
[BlackElo "2085"]
[PlyCount "100"]
[EventDate "1999.10.10"]
[EventType "team-tourn"]
[EventRounds "9"]
[EventCountry "GER"]
[SourceTitle "EXT 2020"]
[Source "ChessBase"]
[SourceDate "2019.10.17"]
[SourceVersion "1"]
[SourceVersionDate "2019.10.17"]
[SourceQuality "1"]
[WhiteTeam "Sendling SC"]
[BlackTeam "Kriegshaber SK"]
[WhiteTeamCountry "GER"]
[BlackTeamCountry "GER"]

1. d4 d5 2. c4 e6 3. Nc3 Nf6 4. cxd5 exd5 5. Bg5 Be7 6. e3 0-0 7. Qc2 Bg4 8. Bxf6 Bxf6 9. Qb3 c5 10. Qxd5 cxd4 11. Qxd8 Rxd8 12. exd4 Nc6 13. d5 Nb4 14. Rb1 Rac8 15. Be2 Bf5 16. Rd1 Bxc3+ 17. bxc3 Rxc3 18. Bf3 Nd3+ 19. Kf1 Rc2 20. Ne2 Rxa2 21. g4 Ne5 22. gxf5 Nxf3 23. h4 Kf8 24. Rh3 Nd2+ 25. Ke1 Ne4 26. Re3 Ra4 27. Ng3 Nf6 28. d6 Rxh4 29. Rc1 Rd4 30. Re7 Re8 31. Rcc7 Rxd6 32. Rxe8+ Kxe8 33. Rxb7 Rd7 34. Rb8+ Ke7 35. Ke2 Kd6 36. f3 Ke5 37. Ke3 Nd5+ 38. Kf2 Rc7 39. Re8+ Kd4 40. Re4+ Kd3 41. Nh5 g6 42. fxg6 fxg6 43. Nf4+ Nxf4 44. Rxf4 a5 45. Rf8 a4 46. Ra8 Rc4 47. Ra7 Kc2 48. Rxh7 a3 49. Ra7 Kb3 50. Ke2 a2 0-1

[Event "Landesliga Sued 9900"]
[Site "Bayern"]
[Date "1999.10.10"]
[Round "1.6"]
[White "Gschwendtner, Klaus"]
[Black "Buchert, Wolfgang"]
[Result "0-1"]
[WhiteElo "2144"]
[BlackElo "2085"]
[PlyCount "67"]
[EventDate "1999.10.10"]
[EventType "team-tourn"]
[EventRounds "9"]
[EventCountry "GER"]
[SourceTitle "EXT 2001"]
[Source "ChessBase"]
[SourceDate "2000.11.22"]
[SourceVersion "1"]
[SourceVersionDate "2000.11.22"]
[SourceQuality "1"]
[WhiteTeam "Starnberg SC"]
[BlackTeam "Kriegshaber SK"]
[WhiteTeamCountry "GER"]
[BlackTeamCountry "GER"]

1. e4 e5 2. Nf3 Nc6 3. Bb5 Nf6 4. Nc3 Bc5 5. 0-0 0-0 6. d3 d6 7. Bg5 h6 8. Bh4 Bg4 9. Bxc6 bxc6 10. h3 Bxf3 11. Qxf3 g5 12. Bg3 Kg7 13. Nd1 Rb8 14. b3 Ng8 15. Ne3 Ne7 16. Bh2 Qd7 17. g4 Rh8 18. Kg2 Rh7 19. Bg3 Rbh8 20. h4 f6 21. h5 Ra8 22. Qe2 Rhh8 23. f3 Bxe3 24. Qxe3 c5 25. Bf2 Qb5 26. Qd2 Rhd8 27. c3 a5 28. Qc2 Rd7 29. Rfd1 a4 30. d4 cxd4 31. cxd4 Nc6 32. Rac1 Nb4 33. Qc4 Qb7 34. Qe6 0-1

[Event "Landesliga Sued 9899"]
[Site "Bayern"]
[Date "1998.11.15"]
[Round "3.8"]
[White "Buchert, Wolfgang"]
[Black "Hartl, Rainer"]
[Result "1-0"]
[WhiteElo "2065"]
[BlackElo "1940"]
[PlyCount "95"]
[EventDate "1998.11.10"]
[EventType "team-tourn"]
[EventRounds "9"]
[EventCountry "GER"]
[SourceTitle "EXT 2020"]
[Source "ChessBase"]
[SourceDate "2019.10.17"]
[SourceVersion "1"]
[SourceVersionDate "2019.10.17"]
[SourceQuality "1"]
[WhiteTeam "Kriegshaber SK"]
[BlackTeam "Pfarrkirchen SC"]
[WhiteTeamCountry "GER"]
[BlackTeamCountry "GER"]

1. e4 c5 2. c3 Nf6 3. e5 Nd5 4. Nf3 e6 5. d4 cxd4 6. cxd4 b6 7. Bd2 Bb7 8. Nc3 Be7 9. Bc4 Nxc3 10. Bxc3 d5 11. Bb5+ Nc6 12. 0-0 Qc8 13. Rc1 Ba6 14. Qa4 Bxb5 15. Qxb5 Qd7 16. a4 Nb4 17. Bxb4 Qxb5 18. axb5 Bxb4 19. Rc7 0-0 20. Ra1 Rfc8 21. Rb7 h6 22. Kf1 Ba5 23. b4 Bxb4 24. Rbxa7 Rxa7 25. Rxa7 Ba5 26. Ke2 g6 27. Ne1 Rc4 28. Nd3 Rc2+ 29. Kf1 Rc3 30. Nc5 Rc1+ 31. Ke2 Rb1 32. Nd7 Rxb5 33. Nf6+ Kg7 34. g4 Rb2+ 35. Kf3 Bb4 36. Ne8+ Kf8 37. Ra8 h5 38. g5 Rb3+ 39. Kg2 f5 40. gxf6 Ra3 41. Rb8 Kf7 42. Ng7 Ra7 43. Rxb6 Ba5 44. Rc6 Rc7 45. Ra6 Bd2 46. Nxe6 Rd7 47. Ng5+ Bxg5 48. e6+ 1-0

[Event "Landesliga Sued 9899"]
[Site "Bayern"]
[Date "1998.10.25"]
[Round "2.8"]
[White "Strangmueller, Andreas"]
[Black "Buchert, Wolfgang"]
[Result "0-1"]
[WhiteElo "1930"]
[BlackElo "2065"]
[PlyCount "88"]
[EventDate "1998.11.10"]
[EventType "team-tourn"]
[EventRounds "9"]
[EventCountry "GER"]
[SourceTitle "EXT 2020"]
[Source "ChessBase"]
[SourceDate "2019.10.17"]
[SourceVersion "1"]
[SourceVersionDate "2019.10.17"]
[SourceQuality "1"]
[WhiteTeam "Landshut"]
[BlackTeam "Kriegshaber SK"]
[WhiteTeamCountry "GER"]
[BlackTeamCountry "GER"]

1. d4 d5 2. c4 e6 3. Nc3 Nf6 4. cxd5 exd5 5. Bg5 Be7 6. Qc2 0-0 7. e3 Bg4 8. Bd3 Nbd7 9. Nge2 Rc8 10. f3 Be6 11. 0-0 c5 12. dxc5 Rxc5 13. Nd4 h6 14. Bh4 Ne5 15. Bf2 a6 16. Qe2 Bd6 17. Nxe6 fxe6 18. Rfd1 Qe8 19. f4 Neg4 20. Bg3 Rc6 21. e4 Qh5 22. exd5 exd5 23. h3 Ne3 24. Re1 Re8 25. Qxh5 Nxh5 26. Bg6 Nxg3 27. Bxe8 Rc8 28. Rxe3 Bc5 29. Kh2 Bxe3 30. Kxg3 Rxe8 31. Nxd5 Bd4 32. Nc3 Re3+ 33. Kg4 Bxc3 34. bxc3 Rxc3 35. Rd1 Rc2 36. Kf5 Rxa2 37. g4 Rc2 38. Rd8+ Kh7 39. Rd5 b5 40. g5 hxg5 41. fxg5 b4 42. Rd4 Rc5+ 43. Kg4 b3 44. Rb4 Rb5 0-1

[Event "Landesliga Sued 9798"]
[Site "Bayern"]
[Date "1998.03.01"]
[Round "7.8"]
[White "Strangmueller, Andreas"]
[Black "Buchert, Wolfgang"]
[Result "1/2-1/2"]
[WhiteElo "1920"]
[BlackElo "2045"]
[PlyCount "96"]
[EventDate "1997.10.19"]
[EventType "team-tourn"]
[EventRounds "9"]
[EventCountry "GER"]
[SourceTitle "EXT 2020"]
[Source "ChessBase"]
[SourceDate "2019.10.17"]
[SourceVersion "1"]
[SourceVersionDate "2019.10.17"]
[SourceQuality "1"]
[WhiteTeam "Landshut"]
[BlackTeam "Kriegshaber SK"]
[WhiteTeamCountry "GER"]
[BlackTeamCountry "GER"]

1. d4 d5 2. Nf3 Nf6 3. c4 e6 4. Nc3 Be7 5. Bg5 0-0 6. e3 Nbd7 7. Qc2 Re8 8. Rc1 c6 9. Bd3 dxc4 10. Bxc4 Nd5 11. Bxe7 Qxe7 12. 0-0 Nxc3 13. Qxc3 e5 14. dxe5 Nxe5 15. Nxe5 Qxe5 16. Rfd1 Bf5 17. Rd4 Qc7 18. Rcd1 Rad8 19. Qd2 Rxd4 20. Qxd4 c5 21. Qd6 Qxd6 22. Rxd6 Rc8 23. f3 Kf8 24. e4 Ke7 25. Rd2 Be6 26. Bxe6 Kxe6 27. Kf2 c4 28. Ke3 b5 29. Rd5 a6 30. Kd2 g6 31. Kc3 f5 32. a4 fxe4 33. fxe4 bxa4 34. Ra5 Rf8 35. Rxa6+ Ke5 36. Rxa4 Rf2 37. Rxc4 Rxg2 38. b4 Rxh2 39. b5 Rh3+ 40. Kb4 Rh1 41. b6 h5 42. Kb5 Rb1+ 43. Rb4 Rf1 44. b7 Rf8 45. Ka6 h4 46. Rc4 Rb8 47. Rc6 g5 48. Rg6 Kxe4 1/2-1/2

[Event "Regionalliga SW 9596"]
[Site "Bayern"]
[Date "1995.??.??"]
[Round "?"]
[White "Angeli, Rudolf"]
[Black "Buchert, Wolfgang"]
[Result "0-1"]
[WhiteElo "1785"]
[BlackElo "1980"]
[PlyCount "72"]
[EventDate "1995.10.??"]
[EventType "team-tourn"]
[EventRounds "9"]
[EventCountry "GER"]
[SourceTitle "EXT 1999"]
[Source "ChessBase"]
[SourceDate "1998.11.16"]
[SourceVersion "1"]
[SourceVersionDate "1998.11.16"]
[SourceQuality "1"]
[WhiteTeam "Haunstetten"]
[BlackTeam "Kriegshaber SK"]
[WhiteTeamCountry "GER"]
[BlackTeamCountry "GER"]

1. d4 d5 2. Nc3 Nf6 3. Bg5 e6 4. e4 dxe4 5. Nxe4 Be7 6. Bxf6 Bxf6 7. Nf3 b6 8. c3 0-0 9. Bd3 Bb7 10. h4 Re8 11. Qc2 Nd7 12. Neg5 h6 13. Bh7+ Kf8 14. Ne4 e5 15. 0-0-0 exd4 16. Nxd4 g6 17. Ng3 Kg7 18. Bxg6 fxg6 19. h5 Bg5+ 20. Kb1 Qf6 21. hxg6 Kh8 22. g7+ Qxg7 23. Ndf5 Qh7 24. Rxd7 Qxd7 25. Nxh6 Bxh6 26. Rxh6+ Kg8 27. Qg6+ Qg7 28. Qh5 Re5 29. Qh4 Rae8 30. a3 Re1+ 31. Kc2 Be4+ 32. Nxe4 R1xe4 33. Qh5 Re2+ 34. Kb3 Qf7+ 35. c4 Qxh5 36. Rxh5 Rxf2 0-1